000 00707nam a2200157Ia 4500
003 GCL
005 20240530102925.0
008 140319s1983 le 000 0 ara d
040 _aGCL /
_cGCL
082 0 4 _a301.241/
_bن ع
100 0 _4نادر فرجانى
245 1 2 _aالعمالة الاجنبية فى اقطار الخليج العربى :
_bبحوث ومناقشات الندوة الفكرية التى نظمها مركز دراسات الوحدة العربية بالتعاون مع المعهد العربى للتخطيط /
_cنادر فرجانى (واخ... )
260 _aبيروت :
_bمركز دراسات الوحدة العربية ،
_c1983
300 _a709 ص
942 _2ddc
_cBK
999 _c35393
_d35393